Les villes françaises dans les noms de films - Statistiques

Statistiques générales
  • Ce quiz a été pris 309 fois
  • Le résultat moyen est 9 sur 21
Statistiques - réponses
Initiale Film % Correct
1951 P Un Américain à {Paris}
96%
2005 N Brice de {Nice}
86%
1966 P {Paris} brûle-t-il ?
86%
1956 P La traversée de {Paris}
84%
2009 N {Neuilly} sa mère !
78%
1964 C Les parapluies de {Cherbourg}
75%
1966 R Les demoiselles de {Rochefort}
74%
1956 M Honoré de {Marseille}
48%
1987 ST On se calme et on boit frais à {Saint-Tropez}
47%
1975 P-A Les galettes de {Pont-Aven}
46%
1992 V {Versailles} rive gauche
35%
1991 N Jacquot de {Nantes}
30%
2016 B La fille de {Brest}
26%
1962 D Nous irons à {Deauville}
21%
2019 R {Roubaix}, une lumière
20%
1981 G Les filles de {Grenoble}
18%
1962 Vd'A Les dimanches de {Ville d'Avray}
13%
1968 B Le Franciscain de {Bourges}
8%
1990 C Jours tranquilles à {Clichy}
7%
2017 F Retour à {Forbach}
3%
1966 A Le jardinier d'{Argenteuil}
2%
Aucun quiz correspondant
Distribution des résultats
% des personnes avec chaque résultat
Percentile par nombre de réponses
Votre historique - résultats
Vous n’avez pas pris ce quiz